[Event "National Open 2013"]
[Site "Las Vegas USA"]
[Date "2013.06.09"]
[Round "5"]
[White "Leon Hoyos,M"]
[Black "Lenderman,A"]
[Result "1-0"]
[WhiteElo "2568"]
[BlackElo "2567"]

1.c4 e5 2.g3 Nc6 3.Nc3 g6 4.Bg2 Bg7 5.e3 Nf6 6.Nge2 O-O 7.O-O Ne7 8.f4 d6
9.d3 c6 10.e4 Qb6+ 11.Kh1 Ng4 12.Qe1 f5 13.Nd1 fxe4 14.dxe4 Be6 15.h3 Nf6
16.fxe5 dxe5 17.b3 Nd7 18.Nf2 Rf7 19.Nc3 Raf8 20.Be3 Qa5 21.Rd1 Nc8 22.Kg1 Nc5
23.Rb1 Na6 24.c5 Nb4 25.Qe2 Rd8 26.Rfc1 Rfd7 27.Bf1 Qa3 28.Qb2 Qxb2 29.Rxb2 h5
30.Rd1 Rxd1 31.Ncxd1 Kh7 32.Bd2 Na6 33.Bxa6 bxa6 34.Bg5 Rd4 35.Be3 Rb4 36.Rd2 Bf6
37.h4 a5 38.Nb2 Rb7 39.Bg5 Bg7 40.Bd8 Bh6 41.Bg5 Bg7 42.Rd8 a6 43.Na4 Rf7
44.Kg2 Na7 45.Rd6 Bc8 46.Nb6 Bf8 47.Nxc8 Nxc8 48.Rxc6 Na7 49.Rxa6 Bxc5 50.Nd3 Bd4
51.Rxa5 Rc7 52.Nxe5 Rc2+ 53.Kh1 Bxe5 54.Rxa7+ Kg8 55.Bf4 Bxf4 56.gxf4 Re2
57.e5 Rf2 58.Ra4 Kf7 59.Kg1 Rb2 60.Ra6  1-0

[Event "3rd Ortega Rating"]
[Site "Ortega COL"]
[Date "2013.06.09"]
[Round "5.7"]
[White "Lozano,N"]
[Black "Panesso Rivera,H"]
[Result "1/2-1/2"]
[WhiteElo "2102"]
[BlackElo "2342"]

1.c4 e5 2.g3 Nf6 3.Bg2 d5 4.cxd5 Nxd5 5.Nc3 Nb6 6.Nf3 Nc6 7.a3 Be7 8.O-O g5
9.b4 g4 10.Ne1 h5 11.Nd3 h4 12.Ne4 f5 13.Nec5 hxg3 14.hxg3 Qd6 15.Bb2 Nd4
16.Re1 Bf6 17.Bxd4 Qxd4 18.Rc1 e4 19.Nf4 Be5 20.Ng6 Bxg3 21.e3 Bh2+ 22.Kf1 Qf6
23.Nxh8 Be6 24.Nxe6 Qxe6 25.d4 O-O-O 26.Qc2 Rxh8 27.Ke2 Nd5 28.Rh1 g3 29.Rcf1 Qa6+
30.Kd2 gxf2 31.Bxe4 fxe4 32.Qxe4 Rd8 33.Rxf2 Qxa3 34.Qe6+ Kb8 35.Rfxh2 Qxb4+
36.Ke2 Qc4+ 37.Kf3 Rf8+ 38.Kg3 a5 39.Rh8 Rxh8 40.Rxh8+ Ka7 41.Qe8 Qe2 42.Qe5 Qe1+
43.Kf3 Qf1+ 44.Kg3 c6 45.e4 Qg1+ 46.Kf3 Qf1+ 47.Kg4 Qg2+ 48.Kf5 Ne3+ 49.Ke6 Qg6+
50.Ke7 Nc4 51.Qc5+ b6 52.Qxc4 Qg7+ 53.Qf7 Qxh8  1/2-1/2

[Event "27th Pula Open 2013"]
[Site "Pula CRO"]
[Date "2013.06.09"]
[Round "2.18"]
[White "Boesch,Dirk"]
[Black "Yrjola,J"]
[Result "0-1"]
[WhiteElo "2092"]
[BlackElo "2366"]

1.c4 e5 2.g3 d6 3.Bg2 g6 4.Nc3 Bg7 5.d3 f5 6.e4 Nf6 7.Nge2 O-O 8.O-O c6 9.h3 Na6
10.Be3 Be6 11.b3 Qd7 12.exf5 gxf5 13.d4 f4 14.gxf4 exd4 15.Nxd4 Bxh3 16.f5 Bxf5
17.Nxf5 Qxf5 18.Rc1 Ng4 19.Bh3 Nxe3 20.Bxf5 Nxd1 21.Be6+ Kh8 22.Rfxd1 Rf6
23.Bh3 Rf3 24.Ne4 Rxh3 25.Nxd6 c5 26.Kg2 Rh5 27.f4 Bd4 28.Re1 Rf8 29.Kg3 Nb4
30.Re7 Rg8+ 31.Kf3 Rh3+  0-1

[Event "2nd Grand Europe Open 2013"]
[Site "Golden Sands BUL"]
[Date "2013.06.10"]
[Round "1.21"]
[White "Mgeladze,T"]
[Black "Georgiev,Vl"]
[Result "0-1"]
[WhiteElo "2197"]
[BlackElo "2532"]

1.c4 e5 2.g3 Nf6 3.Bg2 d5 4.cxd5 Nxd5 5.Nc3 Ne7 6.Nf3 Nbc6 7.d3 g6 8.h4 h6
9.Bd2 Bg7 10.Qc1 Rb8 11.O-O b6 12.a4 Bb7 13.Nb5 a6 14.Na3 Qd7 15.b4 Nd4 16.Nxd4 Bxg2
17.Kxg2 exd4 18.Qc4 b5 19.axb5 axb5 20.Qc5 O-O 21.Nc2 Nf5 22.Ra7 Rbc8 23.Na3 Rfe8
24.Qxb5 Nxh4+ 25.Kg1 Qg4 26.Rxc7 Rxe2 27.Rxc8+ Qxc8 28.Bf4 Nf3+ 29.Kg2 Ne1+
30.Kg1 Qe6 31.Qc4 Qh3 32.Qd5 Nxd3 33.Bd6 Nxf2 34.Qf3 d3 35.Nc4 Bd4  0-1

[Event "3rd Ortega Rating"]
[Site "Ortega COL"]
[Date "2013.06.10"]
[Round "7.15"]
[White "Lozano,N"]
[Black "Palacio,P"]
[Result "1-0"]
[WhiteElo "2102"]
[BlackElo "1944"]

1.c4 e5 2.g3 Nf6 3.Bg2 Be7 4.Nc3 c6 5.d4 d6 6.e4 O-O 7.Nge2 Nbd7 8.O-O Re8
9.h3 Qc7 10.Be3 b6 11.Rc1 Bb7 12.g4 c5 13.dxe5 Nxe5 14.b3 Rad8 15.Nf4 h6
16.Qc2 g5 17.Nfe2 d5 18.Nxd5 Bxd5 19.cxd5 Nexg4 20.hxg4 Nxg4 21.Rfe1 Qh2+
22.Kf1 Nxe3+ 23.fxe3 Rd6 24.e5 Qxe5 25.Nc3 Rf6+ 26.Ke2 Qg3 27.Kd3 Rd8 28.Rf1 Rf4
29.Rxf4 gxf4  1-0

[Event "Portuguese Masters"]
[Site "Sintra POR"]
[Date "2013.06.11"]
[Round "4.1"]
[White "Rego,P"]
[Black "Reis,Luis So"]
[Result "0-1"]
[WhiteElo "2262"]
[BlackElo "2232"]

1.c4 e5 2.g3 Nc6 3.Bg2 f5 4.Nc3 Nf6 5.a3 Bc5 6.e3 f4 7.b4 fxe3 8.dxe3 Be7
9.Nge2 d6 10.O-O O-O 11.Nd5 Bg4 12.f3 Bf5 13.e4 Be6 14.Be3 Qd7 15.Qd2 Nd8
16.Rfd1 Nxd5 17.cxd5 Bh3 18.Rac1 Rc8 19.Bh1 Nf7 20.g4 Qd8 21.Ng3 Bg5 22.Rc3 g6
23.Rdc1 b6 24.a4 Bxe3+ 25.Qxe3 Ng5 26.Ne2 Rf7 27.a5 Qf6 28.Bg2 h5 29.gxh5 gxh5
30.axb6 axb6 31.Bxh3 Nxh3+ 32.Kh1 Rg7 33.Ng3 Qf4 34.Qxf4 exf4 35.Kg2 h4 36.Kxh3 hxg3
37.hxg3 Rxg3+ 38.Kh2 c5 39.Rg1 Rxg1 40.Kxg1 c4 41.Kf1 Kf7 42.Ke2 b5 43.Ra3 Rh8
44.Ra5 Rh2+ 45.Ke1 Kf6 46.Rxb5 c3 47.Kd1 Ke5 48.Rb6 Kd4 49.Rxd6 Kd3 50.Ke1 Ke3
51.Kd1 Kd3 52.Ke1 c2 53.Rc6 c1=Q+ 54.Rxc1 Rh1+ 55.Kf2 Rxc1 56.d6 Rc2+ 57.Kg1 Rc8
58.e5 Rd8 59.b5 Kd4 60.b6 Kxe5  0-1

[Event "17th Voronezh Master Open"]
[Site "Voronezh RUS"]
[Date "2013.06.12"]
[Round "1.6"]
[White "Kovalenko,I"]
[Black "Korchmar,V"]
[Result "1-0"]
[WhiteElo "2596"]
[BlackElo "2325"]

1.c4 e5 2.g3 Nf6 3.Bg2 d5 4.cxd5 Nxd5 5.Nc3 Nb6 6.e3 g6 7.b3 Na6 8.Nf3 Bg7
9.Ba3 c5 10.Ne4 Qe7 11.Rc1 Nd7 12.O-O O-O 13.d4 exd4 14.Nxd4 Rd8 15.Qc2 Nb4
16.Bxb4 cxb4 17.Rfd1 Nb6 18.Qc5 Bf8 19.Qxe7 Bxe7 20.Nc5 Bg4 21.Re1 Nd5 22.Nxb7 Rd7
23.Nc5 Bxc5 24.Rxc5 Be6 25.Rd1 Rad8 26.Nxe6 fxe6 27.Bxd5 exd5 28.Rd4  1-0

[Event "2nd Grand Europe Open 2013"]
[Site "Golden Sands BUL"]
[Date "2013.06.13"]
[Round "4.22"]
[White "Parligras,M"]
[Black "Sagar,S"]
[Result "1-0"]
[WhiteElo "2565"]
[BlackElo "2359"]

1.c4 e5 2.g3 Nc6 3.Nc3 f5 4.Bg2 Nf6 5.d3 Bb4 6.Bd2 O-O 7.a3 Bxc3 8.Bxc3 d6
9.Qd2 Qe8 10.Nh3 f4 11.gxf4 Bxh3 12.Bxh3 Nh5 13.fxe5 Nf4 14.Bf1 dxe5 15.O-O-O Rd8
16.e3 Nxd3+ 17.Bxd3 e4 18.Rhg1 g6 19.Qc2 exd3 20.Rxd3 Rxd3 21.Qxd3 Rxf2 22.Kb1 Qd8
23.Qe4 Qe7 24.Qg4 Rf8 25.h4 Qf7 26.Ka1 Qf5 27.Qd1 Rd8 28.Qe2 Re8 29.h5 g5
30.h6 Re6 31.Bg7 Qe4 32.Qf1 Re8 33.Rxg5 Ne7 34.Bc3+ Ng6 35.Qf6 Qh1+ 36.Ka2 Qxh6
37.Qh8+ Kf7 38.Rf5+ Ke6 39.Qf6+ Kd7 40.Qf7+ Re7 41.Rd5+  1-0

[Event "2nd Grand Europe Open 2013"]
[Site "Golden Sands BUL"]
[Date "2013.06.13"]
[Round "4.38"]
[White "Gagare,Shar"]
[Black "Velcheva,M"]
[Result "1-0"]
[WhiteElo "2407"]
[BlackElo "2262"]

1.c4 e5 2.g3 Nf6 3.Bg2 d5 4.cxd5 Nxd5 5.Nc3 Nb6 6.Nf3 Nc6 7.O-O Be7 8.a3 O-O
9.b4 Be6 10.Rb1 f6 11.d3 a5 12.b5 Nd4 13.Nd2 Bd5 14.Nxd5 Nxd5 15.Bb2 a4 16.Bxd4 exd4
17.Qc2 Nc3 18.Bxb7 Rb8 19.Bc6 Nxe2+ 20.Kg2 Nc3 21.Ra1 f5 22.Nb1 Bf6 23.Nxc3 dxc3
24.Qxa4 Qxd3 25.Rad1 Qe2 26.Rfe1 Qb2 27.Rb1 Qa2 28.Ra1 Qf7 29.Qf4 g6 30.a4 Rbd8
31.Rad1 c2 32.Rc1 Rd4 33.Qf3 Qc4 34.Re2 Rd1 35.Rcxc2 Qxa4 36.Red2 Rxd2 37.Rxd2 Qb4
38.Rd7 f4 39.g4 Qa4 40.g5 Bc3 41.Bd5+ Kh8  1-0

[Event "2nd Grand Europe Open 2013"]
[Site "Golden Sands BUL"]
[Date "2013.06.13"]
[Round "4.7"]
[White "Ghosh,D"]
[Black "Solak,D"]
[Result "0-1"]
[WhiteElo "2477"]
[BlackElo "2598"]

1.c4 e5 2.g3 Nf6 3.Bg2 Nc6 4.Nc3 Bc5 5.Nf3 d6 6.d3 O-O 7.O-O a6 8.a3 Ba7
9.b4 h6 10.Bb2 Nd4 11.Nxd4 exd4 12.Nb1 Re8 13.Nd2 c5 14.Re1 Rb8 15.Nb3 b5
16.Na5 Bd7 17.cxb5 axb5 18.Nc6 Bxc6 19.Bxc6 Re6 20.Bf3 Qd7 21.Qb3 Re7 22.a4 Qe6
23.Qxe6 fxe6 24.bxc5 Bxc5 25.axb5 Rxb5 26.Ba3 Kf7 27.Bxc5 Rxc5 28.Rec1 Rxc1+
29.Rxc1 e5 30.Ra1 Rc7 31.h3 d5 32.Bg2 g5 33.g4 Rd7 34.Ra6 Ke7 35.Ra5 Ke6
36.Ra6+ Rd6 37.Ra8 Rb6 38.Rh8 Kf7 39.Ra8 Rb1+ 40.Bf1 h5 41.Ra7+ Kg6 42.Ra6 hxg4
43.hxg4 e4 44.Ra4 exd3 45.exd3 Nxg4 46.Rxd4 Nf6 47.f3 Nh5 48.Kf2 Rb2+ 49.Ke1 Rb1+
50.Kf2 Rb2+ 51.Ke1 Nf4 52.Ra4 Kh5 53.d4 Kh4 54.Ba6 Kg3 55.Ra3 Rf2 56.Bb7 Rxf3
57.Ra5 Re3+ 58.Kf1 Rb3  0-1

[Event "ch-FIN 2013"]
[Site "Mantta FIN"]
[Date "2013.06.13"]
[Round "4.3"]
[White "Sipila,V"]
[Black "Ebeling,D"]
[Result "1-0"]
[WhiteElo "2411"]
[BlackElo "2368"]

1.c4 e5 2.g3 Nf6 3.Bg2 Nc6 4.Nc3 Bc5 5.a3 a6 6.e3 O-O 7.Nge2 Re8 8.O-O Bf8
9.d4 exd4 10.Nxd4 Rb8 11.b4 Ne5 12.Qb3 d6 13.f4 Ned7 14.e4 c5 15.bxc5 Nxc5
16.Qc2 Bd7 17.Rb1 Qc8 18.Re1 Ne6 19.Nce2 Qc5 20.Bb2 Rec8 21.Rbc1 b5 22.cxb5 Qxc2
23.Rxc2 Rxc2 24.Nxc2 Bxb5 25.Bxf6 gxf6 26.Nb4 Be7 27.Nc3 Bd8 28.Nbd5 Bc4
29.Bf1 Bxd5 30.Nxd5 Rb3 31.Rc1 Bb6+ 32.Kh1 Bc5 33.Bc4 Rxa3 34.Rb1 Kg7 35.Rb8 Nd4
36.Ne7 f5 37.exf5 Kf6 38.Rb7 d5 39.Nxd5+ Kxf5 40.Rxf7+ Ke4 41.Kg2 Nc2 42.Nf6+ Kd4
43.Be6 a5 44.Rd7+ Ke3 45.f5 Nd4 46.Rc7 Bd6 47.Rxh7 Ra1 48.Rd7 Ba3 49.Ng4+ Ke4
50.Nf2+ Ke3 51.Ng4+ Ke4 52.Rd5 Bb2 53.Nf2+ Ke3 54.Ng4+ Ke4 55.Re5+ Kd3 56.f6 Ne2
57.Bc4+ Kxc4 58.Rxe2 Bd4 59.f7 Rg1+ 60.Kf3 Bg7 61.Re8 a4 62.f8=Q Bxf8 63.Rxf8 a3
64.Ne3+ Kb3 65.Rb8+ Kc3 66.Ra8 Kb3 67.Nc4 a2 68.Ra3+ Kxc4 69.Rxa2  1-0

[Event "2nd Grand Europe Open 2013"]
[Site "Golden Sands BUL"]
[Date "2013.06.14"]
[Round "5.40"]
[White "Mgeladze,T"]
[Black "Goumas,G"]
[Result "1/2-1/2"]
[WhiteElo "2197"]
[BlackElo "2401"]

1.c4 e5 2.g3 c6 3.d4 Bb4+ 4.Nc3 Qa5 5.dxe5 Bxc3+ 6.bxc3 Qxc3+ 7.Bd2 Qxe5
8.Nf3 Qe7 9.Bh3 Nf6 10.Bf4 Ne4 11.Qd4 O-O 12.Bf5 d5 13.Bxc8 Rxc8 14.O-O c5
15.Qxd5 Nc3 16.Qf5 Nxe2+ 17.Kh1 Qd7 18.Qe4 Re8 19.Be5 Nd4 20.Nxd4 cxd4 21.Qxd4 Qxd4
22.Bxd4 Nc6 23.Be3 Ne5 24.Rab1 Re7 25.Rfc1 Ng4 26.Bc5 Rc7 27.Bd4 Rd7 28.h3 Rxd4
29.hxg4 Rd7 30.c5 Rc7 31.Kg2 h6 32.Rc3 Rd8 33.Rb4 Rdc8 34.Ra3 a6 35.Rab3 Rb8
36.Rb6 Rxc5 37.Rxa6 bxa6  1/2-1/2

[Event "2nd Grand Europe Open 2013"]
[Site "Golden Sands BUL"]
[Date "2013.06.14"]
[Round "5.27"]
[White "Iturrizaga,E"]
[Black "Skomorokhin,R"]
[Result "1/2-1/2"]
[WhiteElo "2645"]
[BlackElo "2331"]

1.c4 e5 2.g3 Nf6 3.Bg2 Nc6 4.Nc3 Bc5 5.e3 O-O 6.Nge2 Re8 7.O-O d6 8.d4 Bb6
9.h3 a6 10.d5 Ne7 11.e4 Ng6 12.Qd3 Nd7 13.Kh2 Rf8 14.Qc2 a5 15.b3 Nc5 16.f4 exf4
17.Nxf4 Nd7 18.Nce2 Nxf4 19.Rxf4 Ne5 20.Bb2 f6 21.Raf1 Qe8 22.Bd4 Bxd4 23.Nxd4 b6
24.Qe2 Bd7 25.h4 Qc8 26.Nf5 Bxf5 27.Rxf5 a4 28.b4 a3 29.Bh3 Qa6 30.Rc1 Qa4
31.Qd2 Qa6 32.Qc3 Rfe8 33.Rf2 Re7 34.Kg1 Kh8 35.Rfc2 h6 36.Rb1 g5 37.hxg5 hxg5
38.Bf5 Kg7 39.Rb3 Ree8 40.Qe3 Rh8 41.Rcc3 Nxc4 42.b5 Nxe3 43.Rxc7+ Kh6 44.bxa6 Nxf5
45.exf5 g4 46.Rxb6 Rhe8 47.a7 Kg5 48.Rcb7 Re1+ 49.Kf2 Rae8 50.Rg7+ Kxf5  1/2-1/2

[Event "Portuguese Masters"]
[Site "Sintra POR"]
[Date "2013.06.14"]
[Round "6.1"]
[White "Rego,P"]
[Black "Fernandes,Al"]
[Result "0-1"]
[WhiteElo "2262"]
[BlackElo "2139"]

1.c4 e5 2.g3 Nf6 3.Bg2 Nc6 4.a3 d5 5.cxd5 Nxd5 6.Nc3 Nb6 7.Nf3 a5 8.O-O Be7
9.d3 Be6 10.Be3 Nd5 11.Nxd5 Bxd5 12.Qa4 O-O 13.Nd2 Bxg2 14.Kxg2 Qd5+ 15.Kg1 Bc5
16.Qb5 b6 17.Bxc5 Nd4 18.e4 Qxc5 19.Qxc5 bxc5 20.Kg2 Rfb8 21.Rab1 a4 22.Rfc1 Rb5
23.Nf3 Nb3 24.Rc4 f6 25.Re1 Kf7 26.Re2 Ke6 27.h4 g6 28.h5 g5 29.Rec2 Rba5
30.Kh3 Rd8 31.R2c3 Kd6 32.Kg4 Kc6 33.Kf5 Rd6 34.Rb4 Ra8 35.Nh2 Nd4+ 36.Kg4 Nb5
37.Rcc4 Rxd3 38.Rxa4 Rxa4 39.Rxa4 Nd6 40.Ra8 Rb3 41.Rh8 Rxb2 42.Rxh7 c4 43.Nf1 Nxe4
44.h6 Rxf2 45.Ne3 c3 46.Rg7 f5+ 47.Nxf5 Nf6+ 48.Kxg5 Nh7+ 49.Rxh7 c2 50.Rf7 c1=Q+
51.Kg6 Rh2 52.g4 Rg2 53.h7 Rxg4+ 54.Kf6 Qg5+ 55.Kxe5 Qh5 56.Rf6+ Kc5 57.Rh6 Qe8+
58.Kf6 Qh8+ 59.Kf7 Rg5 60.Ke6 Rg1 61.Kf7 Rd1 62.Rh5 Kb6 63.Rh6+ Kb7 64.Ne7 Rf1+
65.Ke6 Re1+ 66.Kf7 Rxe7+  0-1

[Event "Portuguese Masters"]
[Site "Sintra POR"]
[Date "2013.06.14"]
[Round "6.5"]
[White "Andrade,Jo"]
[Black "Pires,G"]
[Result "1/2-1/2"]
[WhiteElo "2241"]
[BlackElo "2153"]

1.c4 e5 2.g3 Nf6 3.Bg2 Nc6 4.Nc3 Bb4 5.e4 O-O 6.Nge2 d6 7.O-O Be6 8.d3 Qd7
9.Nd5 Ne8 10.Qb3 a5 11.Nxb4 Nxb4 12.d4 exd4 13.Nxd4 c5 14.Nxe6 Qxe6 15.Bf4 a4
16.Qc3 Nc6 17.Rfe1 Ne5 18.Rad1 Nf6 19.b3 Rfc8 20.Bc1 Nc6 21.e5 dxe5 22.Bxc6 Qxc6
23.Rxe5 Re8  1/2-1/2

[Event "17th Voronezh Master Open"]
[Site "Voronezh RUS"]
[Date "2013.06.14"]
[Round "3.2"]
[White "Kovalenko,I"]
[Black "Golovin,Leo"]
[Result "1-0"]
[WhiteElo "2596"]
[BlackElo "2471"]

1.c4 e5 2.g3 Nf6 3.Bg2 Nc6 4.Nc3 Bb4 5.Nf3 Bxc3 6.bxc3 O-O 7.O-O d6 8.d3 e4
9.Nd4 exd3 10.exd3 Nxd4 11.cxd4 h6 12.h3 Re8 13.g4 Nh7 14.Rb1 Rb8 15.Qf3 Qf6
16.Qg3 Qxd4 17.Rb5 Qf6 18.Bb2 Qe6 19.Bd5 Qe7 20.h4 Be6 21.Be4 d5 22.cxd5 Bd7
23.Rb3 Nf6 24.f3 Nxd5 25.g5 Be6 26.gxh6 f5 27.hxg7 Ne3 28.Rb5 Nxf1 29.Qf4 c5
30.Qh6 fxe4 31.Qh8+ Kf7 32.Qh7  1-0

[Event "2nd Grand Europe Open 2013"]
[Site "Golden Sands BUL"]
[Date "2013.06.15"]
[Round "6.21"]
[White "Ghosh,D"]
[Black "Gomes,Mary"]
[Result "1/2-1/2"]
[WhiteElo "2477"]
[BlackElo "2408"]

1.c4 e5 2.g3 f5 3.Bg2 Nf6 4.Nc3 g6 5.d3 Bg7 6.e4 fxe4 7.dxe4 d6 8.Nge2 Be6
9.b3 Nc6 10.Nd5 Nd4 11.Nxd4 exd4 12.Bg5 c6 13.Nxf6+ Bxf6 14.Bxf6 Qxf6 15.O-O O-O-O
16.Qd2 h5 17.h4 Rhg8 18.f4 Bg4 19.b4 Kb8 20.Rab1 Rg7 21.Rb3 Rc7 22.Rc1 Bc8
23.b5 cxb5 24.Rxb5 Be6 25.Qb2 Qg7 26.Rb4 Rdc8 27.e5 d5 28.Qxd4 Qe7 29.Rcb1 Rxc4
30.Rxb7+ Qxb7 31.Rxb7+ Kxb7 32.Bxd5+ Bxd5 33.Qxd5+ Kb6 34.Kg2 R8c6 35.Kh3 R4c5
36.Qe4 Re6 37.Qb4+ Rb5 38.Qd4+ Rc5 39.Qd7 Rcc6 40.Qf7 a6 41.f5 gxf5 42.Qxf5 Kc5
43.Qxh5 Kd5 44.Qf7 Kxe5 45.Qf4+ Kd5 46.h5 Rf6 47.Qe3 Rce6 48.Qd3+ Ke5 49.g4 Kf4
50.Kh4 Rd6 51.Qg3+ Ke4 52.Qe1+ Kf3 53.Kg5 Rfe6 54.Qf1+ Kg3 55.Qf4+ Kg2 56.Kh4 Rd3
57.g5 Rde3 58.Qg4+ Kh2 59.g6 R6e4 60.Qxe4 Rxe4+ 61.Kg5 Kg3 62.h6 Re5+ 63.Kf6 Rh5
64.g7 Rxh6+ 65.Kf5 Rh5+  1/2-1/2

[Event "Kings Place Rapid 2013"]
[Site "London ENG"]
[Date "2013.06.15"]
[Round "5.4"]
[White "D'Costa,L"]
[Black "Ansell,S"]
[Result "1/2-1/2"]
[WhiteElo "2408"]
[BlackElo "2382"]

1.c4 e5 2.g3 Nf6 3.Bg2 Nc6 4.Nc3 Bb4 5.e4 O-O 6.Nge2 a5 7.O-O Bc5 8.d3 d6
9.h3 Nd4 10.Kh2 c6 11.f4 h6 12.Nxd4 Bxd4 13.Qf3 Nh7 14.Ne2 Bc5 15.f5 Kh8
16.h4 d5 17.cxd5 cxd5 18.Nc3 dxe4 19.Nxe4 Be7 20.Bd2 Bd7 21.Bc3 Qc7 22.Qe3 Nf6
23.Nxf6 Bxf6 24.Be4 Bc6 25.Rac1 Ra6 26.Kh3 Rd8 27.Rf3 Qe7 28.Qf2 Bxe4 29.dxe4 g5
30.fxg6 fxg6 31.Rf1 Kg7 32.a4 h5  1/2-1/2

[Event "8th Teplice Open 2013"]
[Site "Teplice CZE"]
[Date "2013.06.15"]
[Round "1.27"]
[White "Plischki,S"]
[Black "Cenek,M1"]
[Result "1-0"]
[WhiteElo "2386"]
[BlackElo "1878"]

1.c4 e5 2.g3 f5 3.d4 e4 4.Bg2 Nf6 5.Nh3 Bb4+ 6.Bd2 Bxd2+ 7.Qxd2 d5 8.cxd5 Nxd5
9.Nc3 c6 10.O-O O-O 11.f3 e3 12.Qd3 f4 13.Nxd5 Bxh3 14.Nxf4 Bxg2 15.Nxg2 Re8
16.Nxe3 Qe7 17.Qb3+ Qf7 18.Qxf7+ Kxf7 19.Kf2  1-0

[Event "17th Petr Izmailov"]
[Site "Tomsk RUS"]
[Date "2013.06.15"]
[Round "5.2"]
[White "Mikhalchenko,P"]
[Black "Bocharov,D"]
[Result "1-0"]
[WhiteElo "2328"]
[BlackElo "2617"]

1.c4 e5 2.g3 Nf6 3.Bg2 Nc6 4.Nc3 Bc5 5.a3 a6 6.e3 O-O 7.Nge2 d6 8.O-O Ba7
9.d3 Ne7 10.Nd5 Ng6 11.b4 c6 12.Nxf6+ Qxf6 13.Rb1 Bg4 14.f3 Bd7 15.c5 Rad8
16.f4 dxc5 17.bxc5 Bf5 18.fxe5 Qxe5 19.Nd4 Bc8 20.Nb3 Qe7 21.d4 Be6 22.Na5 Rd7
23.Qc2 h5 24.Bd2 h4 25.Be1 f5 26.gxh4 Rf7 27.Qf2 f4 28.h5 fxe3 29.Qxe3 Rxf1+
30.Kxf1 Qf7+ 31.Kg1 Nf4 32.Rb2 Re7 33.Bh4 Rd7 34.Bf1 Nxh5 35.Rf2 Qg6+ 36.Rg2 Qf7
37.Bg5 Bd5 38.Rf2 Nf6 39.Qg3 Kf8 40.Bd3 Re7 41.Rxf6 gxf6 42.Bh6+ Qg7 43.Bxg7+ Rxg7
44.Bg6 Bf7 45.Qd6+ Ke8 46.Qe6+  1-0

[Event "US Juniors 2013"]
[Site "Saint Louis USA"]
[Date "2013.06.16"]
[Round "3.2"]
[White "Shetty,A"]
[Black "Harmon,L"]
[Result "0-1"]
[WhiteElo "2320"]
[BlackElo "2340"]

1.c4 e5 2.g3 Nc6 3.Nc3 g6 4.Bg2 Bg7 5.e4 d6 6.Nge2 Nge7 7.O-O O-O 8.d3 Be6
9.Nd5 Qd7 10.Be3 f5 11.Qd2 Rf7 12.Rac1 Raf8 13.f3 Nc8 14.b3 Nd8 15.Ndc3 c5
16.Nd5 Nc6 17.a3 Nd4 18.Bxd4 cxd4 19.exf5 gxf5 20.f4 Ne7 21.Kh1 Bxd5 22.cxd5 Qb5
23.b4 Nxd5 24.fxe5 Ne3 25.exd6 Qe5 26.Nf4 Qxd6 27.Qa2 Bh6 28.Rf2 Kh8 29.Re1 Re7
30.Qe2 Bxf4 31.Rxf4 Nd5 32.Qf2 Rxe1+ 33.Qxe1 Nxf4 34.gxf4 Qxf4 35.Bxb7 Qe3
36.Qxe3 dxe3 37.Kg2 e2 38.Kf2 Re8 39.Ke1 Re3  0-1

[Event "8th Teplice Open 2013"]
[Site "Teplice CZE"]
[Date "2013.06.16"]
[Round "2.7"]
[White "Ptacnikova,L"]
[Black "Jurcik,Mari"]
[Result "0-1"]
[WhiteElo "2255"]
[BlackElo "2525"]

1.c4 e5 2.g3 Nf6 3.Bg2 d5 4.cxd5 Nxd5 5.Nf3 Nc6 6.O-O Nb6 7.d3 Be7 8.Nbd2 O-O
9.b3 Be6 10.Bb2 f6 11.Rc1 Qd7 12.Re1 Rfd8 13.a3 a5 14.Qc2 Bf8 15.Ne4 Qf7
16.Nfd2 Bd5 17.e3 Rd7 18.Bf1 Rad8 19.Rb1 Qh5 20.Nc5 Bxc5 21.Qxc5 Be6 22.Qc2 Bf5
23.e4 Be6 24.Bc3 Qf7 25.Kh1 Qe7 26.Ra1 Qd6 27.Nc4 Nxc4 28.dxc4 Bg4 29.Re3 Nd4
30.Qb2 b6 31.h3 Bh5 32.a4 Qc6 33.Bg2 Ne6 34.g4 Bg6 35.f3 Rd3 36.Rxd3 Rxd3
37.Qc2 Qd6 38.Rf1 Nf4 39.Kh2 Bf7 40.Rf2 Qc5 41.Rd2 Qe3 42.Rxd3 Qxd3 43.Qd2 h5
44.b4 axb4 45.Bxb4 Bxc4 46.a5 h4 47.axb6 cxb6 48.g5 Qxd2 49.Bxd2 fxg5 50.Bc3 Ng6
51.f4 gxf4 52.Bf3 Bd3 53.Kg1 Kh7 54.Kf2 Kh6 55.Ke1 Kg5 56.Bb4 Kf6 57.Bg2 Nh8
58.Kd2 Bc4 59.Kd1 Nf7 60.Be1 g5 61.Bb4 Be6 62.Be1 Nd6 63.Kc2 Nc4  0-1

[Event "2nd Grand Europe Open 2013"]
[Site "Golden Sands BUL"]
[Date "2013.06.17"]
[Round "8.13"]
[White "Cvetkovic,Sr"]
[Black "Gopal,G"]
[Result "1/2-1/2"]
[WhiteElo "2387"]
[BlackElo "2522"]

1.c4 e5 2.g3 Nc6 3.Nc3 g6 4.Bg2 Bg7 5.d3 d6 6.b3 f5 7.Bb2 Nf6 8.e3 O-O 9.Nge2 Nh5
10.f4 exf4 11.exf4 Nd4 12.Qd2 c6 13.Nxd4 Bxd4 14.Ne2 Bxb2 15.Qxb2 Nf6 16.h3 Bd7
17.O-O Qc7 18.Nd4 Rae8 19.Rae1 Kg7 20.Nf3 b6 21.h4 Rxe1 22.Rxe1 c5 23.Qc1  1/2-1/2

[Event "8th Teplice Open 2013"]
[Site "Teplice CZE"]
[Date "2013.06.17"]
[Round "3.24"]
[White "Jacobsen,Bo"]
[Black "Stastny,Pe"]
[Result "1-0"]
[WhiteElo "2312"]
[BlackElo "2085"]

1.c4 e5 2.g3 Nf6 3.Bg2 d5 4.cxd5 Nxd5 5.Nf3 Nc6 6.O-O Be7 7.d4 e4 8.Ne5 f5
9.Nxc6 bxc6 10.Qa4 Bd7 11.Nc3 c5 12.Qb3 Nb6 13.dxc5 Bxc5 14.Bf4 Qe7 15.Nb5 O-O-O
16.Nxc7 Rhe8 17.Rac1 Kb7 18.Rfd1 Be6 19.Bd6  1-0

[Event "17th Petr Izmailov"]
[Site "Tomsk RUS"]
[Date "2013.06.17"]
[Round "7.2"]
[White "Belozerov,A"]
[Black "Jumabayev,R"]
[Result "1/2-1/2"]
[WhiteElo "2511"]
[BlackElo "2548"]

1.c4 e5 2.g3 c6 3.Nf3 e4 4.Nd4 d5 5.cxd5 Nf6 6.Nc3 Qb6 7.Nb3 cxd5 8.Bg2 h5
9.d3 Bb4 10.Be3 Bxc3+ 11.bxc3 Qc6 12.Rc1 h4 13.gxh4 Rxh4 14.c4 Be6 15.cxd5 Qxd5
16.dxe4 Qxd1+ 17.Rxd1 Nc6 18.Nc5 Bh3 19.Rg1 Rg4 20.Kf1 Rxg2 21.Rxg2 b6 22.Na6 Rd8
23.Nc7+ Ke7 24.Rxd8 Kxd8 25.Nb5 Kd7 26.f3 a6 27.Nc3 b5 28.Kf2 Bxg2 29.Kxg2 Ke6
30.Kf2 g6 31.Bg5 Nd7 32.Nd5 Kd6 33.Ke3 a5 34.Bf4+ Kc5 35.Kd3 Nde5+ 36.Bxe5 Nxe5+
37.Kc3 Nc6 38.f4 b4+ 39.Kb3 Kb5 40.Nc7+ Kb6 41.Nd5+ Kb5 42.e3 a4+ 43.Kc2 Kc5
44.h4 Na5 45.Nc7 Nc4 46.Na6+ Kb5 47.Nc7+ Kc5 48.Na6+ Kb5 49.Nc7+  1/2-1/2

[Event "DYTM Raja Nazrin Shah Masters"]
[Site "Kuala Lumpur MAS"]
[Date "2013.06.18"]
[Round "6.5"]
[White "Wong Meng Kong"]
[Black "Murshed,N"]
[Result "0-1"]
[WhiteElo "2301"]
[BlackElo "2479"]

1.c4 e5 2.g3 Nf6 3.Bg2 d5 4.cxd5 Nxd5 5.Nf3 Nc6 6.O-O Nb6 7.b3 Be7 8.Bb2 Bf6
9.Nc3 Bf5 10.d3 O-O 11.Nd2 Be7 12.a4 Be6 13.Rb1 f6 14.Nc4 Qd7 15.Nb5 Nd5
16.e4 Nb6 17.f4 a6 18.Nxb6 Bc5+ 19.Kh1 Bxb6 20.Nc3 Bg4 21.Bf3 Bxf3+ 22.Qxf3 Nd4
23.Qg2 c6 24.b4 Rfe8 25.f5 Red8 26.Rfd1 Qf7 27.Ba3 Rd7 28.g4 h6 29.h4 Rad8
30.Rb2 Bc7 31.b5 axb5 32.axb5 Ba5 33.bxc6 bxc6 34.Na4 Nb5 35.Nc5 Rd4 36.Rxb5 cxb5
37.Bb2 R4d6 38.Ra1 Bb6 39.Ne6 Rxe6 40.fxe6 Qxe6 41.g5 hxg5 42.hxg5 Rxd3 43.Ra8+ Kf7
44.Kh2 Be3 45.g6+ Ke7 46.Ba3+ Kd7 47.Bc1 Bxc1 48.Ra7+ Ke8 49.Ra8+ Ke7 50.Ra7+ Rd7
51.Qc2 Bf4+  0-1

[Event "17th Petr Izmailov"]
[Site "Tomsk RUS"]
[Date "2013.06.18"]
[Round "8.21"]
[White "Zakhartsov,Vl"]
[Black "Ainutdinova,Y"]
[Result "1-0"]
[WhiteElo "2319"]
[BlackElo "2066"]

1.c4 e5 2.g3 Nf6 3.Bg2 d5 4.cxd5 Nxd5 5.Nc3 Nb6 6.d3 Be7 7.Be3 O-O 8.Rc1 Nc6
9.Nf3 Re8 10.O-O Bf8 11.a3 Nd4 12.Nd2 Nf5 13.Bxb6 axb6 14.Nc4 c6 15.a4 Be6
16.Nxe5 Qd4 17.Nf3 Qb4 18.Qd2 Bb3 19.Qf4 Qxf4 20.gxf4 Bxa4 21.Bh3 Nd6 22.Ra1 Bb5
23.Rxa8 Rxa8 24.Nd4 Ba6 25.Ra1 g6 26.Nc2 f5 27.Bg2 Re8 28.Bxc6 bxc6 29.Rxa6 Nc8
30.Ra8 Kf7 31.Nd4 c5 32.Nc6 Bd6 33.e3 Ke6 34.Na7 Kd7 35.Nd5 Rf8 36.Nxc8 Kc6
37.Nce7+  1-0

[Event "17th Petr Izmailov"]
[Site "Tomsk RUS"]
[Date "2013.06.18"]
[Round "8.9"]
[White "Mikhalchenko,P"]
[Black "Tsepennikova,T"]
[Result "1-0"]
[WhiteElo "2328"]
[BlackElo "2089"]

1.c4 e5 2.g3 Nf6 3.Bg2 d5 4.cxd5 Nxd5 5.Qa4+ c6 6.Nc3 Be6 7.d3 Nd7 8.Bd2 Be7
9.Nf3 O-O 10.O-O f5 11.Rfc1 Nc5 12.Qd1 Nd7 13.Be1 Qe8 14.e4 Nc7 15.d4 fxe4
16.Nxe5 Nxe5 17.dxe5 e3 18.f4 g5 19.Qf3 Qg6 20.Qxe3 gxf4 21.gxf4 Bd5 22.Bg3 Bxg2
23.Kxg2 Ne6 24.Kh1 Bc5 25.Qe4 Rad8 26.Rf1 Rd4 27.f5 Qg5 28.Qf3 Ng7 29.Ne4 Rxe4
30.Qxe4 Nxf5 31.Qc4+  1-0

[Event "8th Teplice Open 2013"]
[Site "Teplice CZE"]
[Date "2013.06.19"]
[Round "5.29"]
[White "Stone,A ENG"]
[Black "Gungl,T"]
[Result "1/2-1/2"]
[WhiteElo "2202"]
[BlackElo "1916"]

1.c4 e5 2.g3 Nf6 3.Bg2 d5 4.cxd5 Nxd5 5.Nc3 Nb6 6.e3 c5 7.Nge2 c4 8.b3 cxb3
9.axb3 Bb4 10.O-O O-O 11.Bb2 Nc6 12.Qc2 Be6 13.f4 exf4 14.Nxf4 Qd7 15.Nxe6 Qxe6
16.Rf4 a5 17.Be4 g6 18.Nb5 Nd5 19.Rh4 Rac8 20.Qd3 Rfd8 21.Nd4 Nxd4 22.Bxd4 Be7
23.Bxd5 Qxd5 24.Rf4 Bd6 25.Rff1 Be5 26.Ra4 b5 27.Rxa5 Bxd4 28.exd4 Qxd4+
29.Qxd4 Rxd4 30.Rxb5 Rxd2 31.Rf2 Kg7  1/2-1/2